|
|
|
|
| LEADER |
01482nam a2200301 a 4500 |
| 001 |
4930 |
| 003 |
BD-DhAAL |
| 005 |
20220731102638.0 |
| 008 |
141207s1992 bg b b f000 0 eng |
| 999 |
|
|
|c 33250
|d 33250
|
| 010 |
|
|
|a 93902659
|
| 040 |
|
|
|a DLC
|c DLC
|d DLC
|d BD-DhAAL
|
| 050 |
0 |
0 |
|a DS396.8.C45
|b C464 1992
|
| 082 |
|
|
|2 22
|a 301.295492
|
| 245 |
0 |
4 |
|a The Chittagong Hill Tracts of Bangladesh :
|b the untold story /
|c general editor, Mizanur Rahman Shelley.
|
| 260 |
|
|
|a Dhaka, Bangladesh :
|b Centre for Development Research, Bangladesh,
|c 1992.
|
| 300 |
|
|
|a 200 p. :
|b maps ;
|c 22 cm.
|
| 504 |
|
|
|a Includes bibliographical references.
|
| 541 |
|
|
|a Donated By Akbar Ali Khan
|e 4930, 39117
|
| 650 |
|
0 |
|a Tribes
|z Bangladesh
|z Chittagong Hill Tracts (Region).
|9 6659
|
| 651 |
|
0 |
|a Chittagong Hill Tracts (Bangladesh : Region).
|9 6660
|
| 651 |
|
0 |
|a Bangladesh
|x Social life and customs.
|9 6661
|
| 700 |
0 |
|
|a Mizanur Rahman Shelly,
|d 1943-
|9 6662
|
| 710 |
2 |
|
|a Centre for Development Research (Bangladesh)
|9 6663
|
| 852 |
|
|
|a Ayesha Abed Library
|c Akbar Ali Khan Collection
|
| 942 |
|
|
|2 ddc
|c BK
|
| 952 |
|
|
|0 0
|1 0
|2 ddc
|4 0
|6 301_295492000000000_CHI
|7 0
|9 44397
|a BRACUL
|b BRACUL
|c GEN
|d 2014-12-07
|g 0.00
|l 2
|m 3
|o 301.295492 CHI
|p 3010004930
|r 2019-12-12
|s 2019-11-20
|t 1
|w 2014-12-07
|y BK
|z Not price in Register
|
| 952 |
|
|
|0 0
|1 0
|2 ddc
|4 0
|6 301_295492000000000_CHI
|7 1
|9 71407
|a BRACUL
|b BRACUL
|c AAKC
|d 2022-07-31
|e Donated by Akbar Ali Khan
|l 1
|o 301.295492 CHI
|p 3010039117
|r 2025-02-09
|s 2025-02-09
|t 2
|w 2022-07-31
|y BK
|